|
|
|
|
| LEADER |
00000nab a2200000 a 4500 |
| 001 |
vtls000317295 |
| 003 |
SK-MaSNL |
| 005 |
20260303225400.0 |
| 008 |
230217c1977 xo 0 cze |
| 015 |
|
|
|a SNBRB19rr/mm-uuuuu
|
| 035 |
|
|
|a CL0007387
|
| 035 |
|
|
|a urn:nbn:sk:snk-ab1di3
|
| 035 |
|
|
|a (urnnbn)urn:nbn:sk:snk:ar-002pk1
|
| 035 |
|
|
|a (uuid)06c44309-d585-4be2-95a4-6b93af856ee0
|
| 040 |
|
|
|a SNKBUCL
|b slo
|c SNKBUCL
|e AACR2
|
| 041 |
0 |
|
|a cze
|
| 044 |
|
|
|a xo
|c SK
|
| 080 |
|
|
|a 669
|2 1981
|
| 080 |
|
|
|a 620.1
|2 1981
|
| 100 |
1 |
|
|a Vrbka, Jan
|4 aut
|9 281758
|
| 245 |
1 |
0 |
|a Dislokační struktura a průběh plastické deformace u válcové tyče z oceli ČSN 12010 zatížené osovým podélným rázem
|c Jan Vrbka
|
| 300 |
|
|
|b Obr. 10. Tb. 2. Res. rus., angl.
|
| 650 |
0 |
7 |
|a ocele
|2 snkbucl
|9 354439
|
| 650 |
0 |
7 |
|a deformácie plastické
|2 snkbucl
|9 770148
|
| 650 |
0 |
7 |
|a napätie materiálu
|2 snkbucl
|9 82412
|
| 655 |
|
7 |
|a články z novín a časopisov
|2 snkbucl
|9 267496
|
| 773 |
0 |
|
|t Kovové materiály
|g Roč. 15, č. 6 (1977), s. 685-695
|
| 850 |
|
|
|a Slovenská národná knižnica v Martine
|a MTA001
|
| 852 |
|
|
|a SNK
|b KIS3GCP
|
| 954 |
|
|
|a odborná, vedecká literatúra cudzojazyčná (svetová)
|2 lita
|
| 958 |
|
|
|a RK
|
| 958 |
|
|
|a OND
|
| 958 |
|
|
|a EUIPO
|
| 958 |
|
|
|a article27
|
| 992 |
|
|
|a RBX
|
| 999 |
|
|
|c 2256807
|d 2258737
|